Entry Topical Term
Number of records used in: 2
001 - CONTROL NUMBER
003 - CONTROL NUMBER IDENTIFIER
005 - DATE AND TIME OF LATEST TRANSACTION
- control field:
20170330114136.0
008 - FIXED-LENGTH DATA ELEMENTS
- fixed length control field:
170330|| aca||aabn | a|a d
040 ## - CATALOGING SOURCE
- Original cataloging agency:
OSt
- Transcribing agency:
OSt
150 ## - HEADING--TOPICAL TERM
- Topical term or geographic name as entry element:
MASS.COMM
670 ## - SOURCE DATA FOUND
- Source citation:
Work cat.: (OSt): SARVEKSHAN EVAM CHETRA KARYA PART-1, 2011